Daně v praxi. Přehled čs. daňového systému.

Súčasný daňový systém v ČSFR. Daňový slovníček. Päťdesiat otázok a odpovedí k dani z príjmov obyvateľstva. Dôchodková daň. Poľnohospodárska daň. Daň zo mzdy. Nepriame dane.

Saved in:
Bibliographic Details
Format: Book Chapter
Language:Czech
Subjects:
Tags: Add Tag
No Tags, Be the first to tag this record!

MARC

LEADER 00000naa a2200000 4500
001 r004486
005 20221125075955.1
041 0 |a cze 
044 |a [CS] 
245 1 0 |a Daně v praxi.  |b Přehled čs. daňového systému. 
520 |a Súčasný daňový systém v ČSFR. Daňový slovníček. Päťdesiat otázok a odpovedí k dani z príjmov obyvateľstva. Dôchodková daň. Poľnohospodárska daň. Daň zo mzdy. Nepriame dane. 
610 2 0 |a sústava daňová 
610 2 0 |a ČSFR 
610 2 0 |a dane z príjmov 
610 2 0 |a dane dôchodkové 
610 2 0 |a dane poľnohospodárske 
610 2 0 |a dane zo mzdy 
610 2 0 |a dane nepriame 
610 2 0 |a terminológia